La autonomía del derecho aduanero como ciencia normativa. Evolución y relaciones con otras ramas del derecho. (Registro nro. 35594)

Detalles MARC
000 -LEADER
fixed length control field 00378 a2200109 4500
001 - CONTROL NUMBER
control field ART_56531
005 - DATE AND TIME OF LATEST TRANSACTION
control field 20260410162049.0
008 - FIXED-LENGTH DATA ELEMENTS--GENERAL INFORMATION
fixed length control field 260409a
100 1# - MAIN ENTRY--PERSONAL NAME
Personal name Schurig, Harry
245 10 - TITLE STATEMENT
Title La autonomía del derecho aduanero como ciencia normativa. Evolución y relaciones con otras ramas del derecho.
773 0# - HOST ITEM ENTRY
Title Impuestos
Related parts - N° 125 (jun. 2022)
Record control number REV45175

No hay ítems disponibles.